|
|
|
|
| LEADER |
01140nam a22003132a 4500 |
| 001 |
000928822 |
| 003 |
CZ BrMZK |
| 005 |
20090203075820.0 |
| 007 |
ta |
| 008 |
090203s1981 xr a er|||||||||||cze d |
| 015 |
|
|
|a cnb000158816
|
| 035 |
|
|
|a (OCoLC)42149680
|
| 040 |
|
|
|a ABA001
|b cze
|c ABA001
|d ABA001
|d BOA001
|
| 080 |
9 |
|
|a 681.3.01+519.68(075.8)
|
| 100 |
1 |
|
|a Ehleman, Jan,
|d 1930-2010
|7 jk01030324
|4 aut
|
| 245 |
1 |
0 |
|a Základy automatizovaného zpracování dat /
|c Jan Ehleman a kolektiv
|
| 250 |
|
|
|a 1. vyd.
|
| 260 |
|
|
|a Praha :
|b Státní pedagogické nakladatelství,
|c 1981
|f (TZ 52)
|
| 300 |
|
|
|a 298 s. :
|b il. ;
|c 29 cm
|
| 500 |
|
|
|a 800 výt.
|
| 504 |
|
|
|a Obsahuje bibliografii
|
| 521 |
8 |
|
|a Pro posluchače ES a EMV
|
| 550 |
|
|
|a Vydavatel: Vysoká škola ekonomická v Praze, Fakulta řízení
|
| 710 |
2 |
|
|a Vysoká škola ekonomická v Praze.
|b Fakulta řízení
|7 kn20050304001
|
| 910 |
|
|
|a BOA001
|b 4-0842.287
|
| 964 |
|
|
|a Data - zpracování - automatizace - učebnice - školy vysoké
|
| 990 |
|
|
|a BK
|
| 991 |
|
|
|b 200902
|
| 996 |
6 |
|
|b BC-672133
|c 4-0842.287
|l MZK
|r Sklad / do 1 hodiny
|n 0
|w 000928822
|u 000010
|a 1
|e BOA001
|j MZK50
|s P
|